00445cam a22001335i 4500020001800000082001200018100002700030245007700057260002300134300002000157942000700177952011000184999001700294 a9789390569199 a248 KUM aAnilkumar, Fredric, ed00aSpiritualities of resistance : Essays in Honour of Hubert Manohar Watson aDelhibISPCKc2021 alvii, 266 pages cBK 00104070aHMIbHMIcGENd2022-12-20eDirectorg395.00l0o248 KUMp11004644r2026-01-16w2026-01-16yBK c23295d23295